Úspěšnost antimonopolních úřadů při dokazování nezákonných dohod
Nízka úspešnosť antimonopolných úradov pri dokazovaní existencie nezákonných dohôd v súdnom konaní. Hospodárska súťaž a jej narušovanie. Kartelové dohody v Českej republike a ich preukazovanie.
Enregistré dans:
| Auteur principal: | |
|---|---|
| Format: | Chapitre de livre |
| Langue: | tchèque |
| Sujets: | |
| Tags: |
Pas de tags, Soyez le premier à ajouter un tag!
|
MARC
| LEADER | 00000naa a2200000 4500 | ||
|---|---|---|---|
| 001 | 0123336 | ||
| 005 | 20250721122710.9 | ||
| 041 | 0 | |a cze | |
| 044 | |a CZ | ||
| 245 | 1 | 0 | |a Úspěšnost antimonopolních úřadů při dokazování nezákonných dohod |c Petr Hurych |
| 520 | |a Nízka úspešnosť antimonopolných úradov pri dokazovaní existencie nezákonných dohôd v súdnom konaní. Hospodárska súťaž a jej narušovanie. Kartelové dohody v Českej republike a ich preukazovanie. | ||
| 610 | 2 | 0 | |a koncentrácia |
| 610 | 2 | 0 | |a politika protimonopolná |
| 610 | 2 | 0 | |a konkurencia |
| 610 | 2 | 0 | |a dokazovanie |
| 610 | 2 | 0 | |a Česko |
| 610 | 2 | 0 | |a kartely |
| 100 | 1 | |a Hurych, Petr | |